MARC

LEADER 00000nam0a2200000 4500
001 134958
005 20231031135915.0
010 |a 5211016556 
020 |a RU  |b 91-44208 
035 |a (RuTPU)RU\TPU\book\146271 
090 |a 134958 
100 |a 20080405d1991 k a0rusy5003 ca 
101 0 |a rus 
102 |a RU 
105 |a a z 001zy 
200 1 |a Поверхностные явления в жидких кристаллах  |f В. Н. Матвеенко, Е. А. Кирсанов 
210 |a Москва  |c Изд-во МГУ  |d 1991 
215 |a 271 с.  |c ил. 
320 |a Библиогр.: с. 264-272. 
610 1 |a жидкие кристаллы 
610 1 |a поверхностные явления 
610 1 |a поверхностные свойства 
610 1 |a жидкокристаллическое состояние 
610 1 |a сцепление 
675 |a 532.7  |v 3 
700 1 |a Матвеенко  |b В. Н.  |g Владимир Николаевич 
701 1 |a Кирсанов  |b Е. А.  |g Евгений Александрович 
801 0 |a RU  |b RuMRKP  |c 19950417  |g psbo 
801 1 |a RU  |b 63413507  |c 20080405  |g PSBO 
801 2 |a RU  |b 63413507  |c 20111005  |g PSBO 
942 |c BK